Jenifer - Au soleil - Statistiques

Statistiques générales
  • Ce quiz a été pris 95 fois
    39 depuis la dernière actualisation
  • Le résultat moyen est 111 sur 153
Statistiques - réponses
Réponse % Correct
à
96%
Au
96%
au
96%
soleil
92%
me
88%
Ce
85%
ce
85%
cœur
85%
en
85%
Je
85%
je
85%
le
85%
pas
85%
peu
85%
plus
85%
Quand
85%
que
85%
un
85%
est
81%
l'on
81%
M'expose
81%
ne
81%
n'y
81%
qui
81%
tu
81%
adore
77%
forte
77%
rend
77%
suis
77%
Et
73%
son
73%
tue
73%
celui
69%
corps
69%
réchauffer
69%
venir
69%
aux
65%
Avec
65%
bien
65%
mains
65%
M'exposer
65%
On
65%
sans
65%
toi,
65%
Toi,
65%
transporte
65%
Brûler
62%
j'irai
62%
Même
62%
rien
62%
pourrait
58%
diable
54%
l'emporte
54%
te
50%
vraiment
50%
Malgré
42%
reste
42%
supporte
42%
tout
42%
histoire,
38%
l'amour
38%
les
38%
Notre
38%
porte
38%
entend
35%
Ou
35%
tant
35%
chemin
31%
comporte
31%
cela
27%
risques
27%
seule
27%
reprends
19%
Aucun quiz correspondant
Distribution des résultats
% des personnes avec chaque résultat
Percentile par nombre de réponses
Votre historique - résultats
Vous n’avez pas pris ce quiz depuis la dernière actualisation